000 00463nam a2200181Ia 4500
003 GCL
008 140319s9999 xx 000 0 eng d
040 _aGCL /
_cGCL
082 0 4 _a709.0344
_bD I
100 1 _aDENVIR, BERNARD
245 1 0 _aTHE IMPRESSIONISTS AT FIRST HAND /
_cDENVIR, BERNARD
260 _a[S.N] :
_bTHAMES AND HUDSON ،
_c1991
300 _a242
650 0 4 _aARTS
650 0 4 _aIMPRESSIONISM
650 0 4 _aIMPRESSIONISTS
942 _2ddc
_cBK
999 _c17490
_d17490